000
00262nam a22001097a 4500
008
240703b |||||||| |||| 00| 0 eng d
100
_a
Juggashu, Joga Singh
_9
16414
245
_a
Usha Nisha
260
_a
Delhi:
_b
Navyug Pub;
_c
1969.
300
_a
95p.
942
_c
BK
999
_c
40355
_d
40355